Europäische Geschichte nach Buchstaben - X und Y - Statistiken

Allgemein
  • Dieses Quiz wurde 33 mal gespielt
  • Das Durchschnittsergebnis liegt bei 5 aus 12
Antwortstatistiken
Hinweis Antwort % Korrekt
Stadt, die aus römischen Militärlager am Niederrhein hervorging und dem Nibelungenlied nach Heimat des Drachentöters Siegfrieds war Xanten
87%
Englische Stadt mit römischen Wurzeln; Namensgeber eines Hauses der Rosenkriege York
87%
Persischer Großkönig, dessen Versuch der Eroberung Griechenlands 480 v. Chr. bei der Seeschlacht von Salamis scheiterte Xerxes
73%
Flämische Stadt, Schauplatz großer Schlachten im Ersten Weltkrieg bei der die deutsche Armee zum ersten Mal Giftgas einsetzte Ypern
70%
Ehefrau des Sokrates, die (in nicht zeitgenössischen Quellen) als "zänkisches Weib" gilt Xanthippe
63%
In der nordischen Mythologie wird so der Weltenbaum genannt, welcher im Ragnarök gefällt wird Yggdrasil
37%
Heiliggesprochener spanischer Mitbegründer des Jesuitenordens, der als Missionar in Asien tätig war Franz Xaver
23%
General, der das preußische Heer bei der siegreichen Vielvölkerschlacht von Leipzig gegen Napoleon kommandierte Graf Yorck von Wartenburg
17%
Antiker griechischer Philosoph und Historiker, Schüler des Sokrates und Anführer des Zugs der Zehntausend Xenophon
17%
Russische Stadt, die im Mittelalter Residenz eines gleichnamigen Fürstentums war und vor Gründung von St Petersburg zweitgrößte Stadt Russlands war (Alternative Schreibweise) Yaroslavl
13%
Prinzessin aus Montferrat, welche unter dem Namen Irene byzantinische Kaiserin von 1284 bis 1317 als Gemahlin von Andronikos II Palaiologos war Yolande von Montferrat
7%
Französisches Department mit der historischen Bischofsstadt Sens, ehemalige Hauptstadt der römischen Provinz Gallia Lugdunensis und Hochzeitsort von König Louis IX der Heilige Yonne
7%
Keine übereinstimmenden Quizze gefunden
Verteilung der Resultate
Anzahl Personen mit jedem Resultat
Perzentil nach korrekt beantworteten Fragen
Ihre Resultats-Entwicklung
Sie haben dieses Quiz noch nicht gespielt